|
|
|
|
| LEADER |
00960cam a2200217 7i4500 |
| 001 |
0000034288 |
| 005 |
20170218090000.0 |
| 008 |
100712 eng |
| 090 |
0 |
0 |
|a TK5105.875.I6
|b A36 2008
|
| 100 |
0 |
|
|a Aimi Liyana Saari
|
| 245 |
1 |
0 |
|a Installation design of microsoft information internet services network for Faculty Industrial Information Technology module server
|c Aimi Liyana Bt Saari.
|
| 260 |
|
|
|a Bestari Jaya, Selangor:
|b UNISEL,
|c 2008.
|
| 300 |
|
|
|a xi, 56 p.:
|b ill.;
|c 30 cm.
|
| 504 |
|
|
|a Includes bibliographical references
|
| 610 |
2 |
|
|a Universiti Industri Selangor
|
| 650 |
0 |
0 |
|a Microsoft Internet information server
|
| 650 |
0 |
0 |
|a Microsoft FrontPage
|
| 650 |
0 |
0 |
|a Intranets (Computer networks)
|
| 997 |
|
|
|a Communication, Visual Art & Computing, Faculty
|b Computing, Department
|
| 998 |
|
|
|a Information Technology, Diploma
|
| 999 |
|
|
|a PRC0000425
|b PROJECT REPORT COLLECTION
|c PROJECT REPORT COLLECTION
|e Thesis Room, Bestari Jaya
|